banner-ar

الطوائف الاجنبية فى مصر : (Record no. 64916)

MARC details
000 -الفاتح
حقل البيانات ثابتة الطول 00931nam a22002297a 4500
005 - وقت وتاريخ اخر تعامل مع التسجيلة
رقم الضبط 20240530110757.0
008 - عناصر البيانات ثابتة الطول - معلومات عامة
حقل البيانات ثابتة الطول 190114s2017 ua h f b 000 0 ara d
017 ## - رقم الايداع القانونى
رقم الايداع القانونى 2017/11278
المصدر ( الهيئة المختصة) مصر. دار الكتب
020 ## - الرقم الدولى المعيارى للكتب
الرقم الدولى المعيارى للكتاب 9789779113173
040 ## - مصدر الفهرسة
وكالة الفهرسة الأصلية EG-CaGPL
وكالة النسخ EG-CaGPL
082 04 - رقم تصنيف ديوى العشرى
رقم الطبعة 21
رقم التصنيف 305.624791262 /
رقم المادة ق/س ط
100 0# - المدخل الرئيسى - إسم شخصى
الإسم الشخصى سعاد عثمان احمد
245 12 - بيان العنوان
العنوان الطوائف الاجنبية فى مصر :
بقية العنوان البهرة نموذجا /
بيان المسئوليه,etc سعاد عثمان احمد
260 ## - PUBLICATION, DISTRIBUTION, ETC. (IMPRINT)
تاريخ النشر أو التوزيع 2017.
300 ## - الوصف المادى
التعداد 204 ص. :
تفاصيل ماديه اخرى للوعاء ايض ؛
أبعاد الوعاء 24 سم .
490 #0 - بيان السلسلة
عنوان السلسلة الثقافة الشعبية ؛
رقم المجلد/ التعيين التسلسلي 30.
504 ## - تبصرة ببليوجرافية
تبصرة ببليوجرافية,الخ يشتمل على ارجاعات ببليوجرافية
650 07 - المدخل الاضافى بالموضوع-مصطلح موضوعى
مصدر الرأس أو المصطلح qrmak
مصطلح موضوعي البهرة
التقسيم الفرعي العام طوائف
التقسيم الفرعي الجغرافي مصر
653 #0 - مصطلح تكشيفى غير مقيد
مصطلح غير مقيد الطوائف الاجنبية - مصر
942 ## - عناصر المدخل الإضافي( كوها)
مصدر التصنيف او مخطط الترفيف Dewey Decimal Classification
Koha [default] item type كتاب
260 ## - PUBLICATION, DISTRIBUTION, ETC. (IMPRINT)
-- القاهرة :
-- الهيئة المصرية العامة للكتاب،
Holdings
حالة التراجع حالة الفقد حالة تلف ليس للاعارة المكان المؤقت الموقع الحالى موقع الترفيف تاريخ الاكتساب اجمالي اﻻعارات رقم الطلب الباركود تاريخ اخر مشاهدة تاريخ تفعيل السعر نوع وعاء كوها
        مكتبة القاهرة الكبرى مكتبة القاهرة الكبرى   01/14/2019   305.624791262 / ق/س ط 165439 01/14/2019 01/14/2019 كتاب

Powered By

EGPV